अम्बेडकर का मानववादी चिन्तन (Record no. 365447)

MARC details
000 -LEADER
fixed length control field 00790nam a2200241Ia 4500
003 - CONTROL NUMBER IDENTIFIER
control field OSt
005 - DATE AND TIME OF LATEST TRANSACTION
control field 20220923223444.0
008 - FIXED-LENGTH DATA ELEMENTS--GENERAL INFORMATION
fixed length control field 220922b |||||||| |||| 00| 0 hin d
037 ## - SOURCE OF ACQUISITION
Terms of availability Textual
040 ## - CATALOGING SOURCE
Original cataloging agency ARTS
Transcribing agency ARTS
Language of cataloging hin
041 ## - LANGUAGE CODE
Source of code hin
Language code of text/sound track or separate title hin
100 ## - MAIN ENTRY--PERSONAL NAME
Personal name जाटव, डी आर
9 (RLIN) 159218
245 #0 - TITLE STATEMENT
Title अम्बेडकर का मानववादी चिन्तन
246 ## - VARYING FORM OF TITLE
Title proper/short title Ambeḍakar kā mānavavādī chintana
260 ## - PUBLICATION, DISTRIBUTION, ETC.
Place of publication, distribution, etc. जयपुर
Name of publisher, distributor, etc. समता साहित्य सदन प्रकाशन
Date of publication, distribution, etc. 1993
300 ## - PHYSICAL DESCRIPTION
Extent 90 पृ.
Dimensions cm.
942 ## - ADDED ENTRY ELEMENTS (KOHA)
Classification part YxM91, 152N3
Koha item type Textual
Source of classification or shelving scheme Colon Classification (CC)
Holdings
Withdrawn status Lost status Damaged status Not for loan Home library Current library Date acquired Total Checkouts Full call number Barcode Date last seen Price effective from Koha item type
        Arts Library Arts Library 2022-09-23   YxM91 152N3 AL1221223 2022-09-23 2022-09-23 Textual
Copyright @ Delhi University Library System